000
00256nam a2200097Ia 4500
001
1224661
005
20250827092930.0
008
250824s9999 xx 000 0 und d
245
0
_a
BEKLENMEYEN MİSAFİR
_c
AGATHA CHRISTIE
260
_b
ALTIN KİTAP YAYINLARI
999
_c
1224661
_d
1224661